Engineering and science series /

Bibliographic Details
Uniform Title:Engineering and science series (Rensselaer Polytechnic Institute)
Corporate Author: Rensselaer Polytechnic Institute
Format: Serial
Language:English
Published: Troy, N.Y. : The Institute, 1911-1955.
Series:Rensselaer Polytechnic Institute bulletin
Subjects:
Online Availability: Check for online availability

MARC

Tag First Indicator Second Indicator Subfields
LEADER 00000cas a2200000Ia 4500
001 in00000054503
005 20210129140206.0
008 751101u1911uuuunyu x m 0 a0eng d
035 |a (OCoLC)ocm01763691 
035 |a (OCoLC)01763691 
035 |9 AAH1404AM 
040 |a MUL  |b eng  |c MUL  |d NYG  |d OCL  |d AAA  |d KRTAS  |d CAI  |d UPM  |d OCLCQ  |d OCLCF  |d OCLCO  |d CUY  |d CNUTO  |d OCLCA  |d OCLCQ 
019 |a 32564513  |a 977194000 
022 |a 0099-9083  |l 0099-9083 
029 1 |a AU@  |b 000000936234 
029 1 |a AU@  |b 000027023256 
029 1 |a AU@  |b 000050437745 
029 1 |a NZ1  |b 12280004 
029 1 |a NZ1  |b 12697574 
030 |a RPIEA6 
035 |a (OCoLC)1763691  |z (OCoLC)32564513  |z (OCoLC)977194000 
050 1 4 |a TA7  |b .R42 
082 0 4 |a 620.6  |b R42 
090 |a T7  |b .R3 
049 |a TXAM 
130 0 |a Engineering and science series (Rensselaer Polytechnic Institute) 
245 1 0 |a Engineering and science series /  |c Rensselaer Polytechnic Institute. 
264 1 |a Troy, N.Y. :  |b The Institute,  |c 1911-1955. 
300 |a 67 volumes ;  |c 23 cm. 
336 |a text  |b txt  |2 rdacontent 
337 |a unmediated  |b n  |2 rdamedia 
338 |a volume  |b nc  |2 rdacarrier 
362 0 |a No. 1-67. 
490 0 |a Rensselaer Polytechnic Institute bulletin 
500 |a Title from cover. 
530 |a Also issued online. 
650 0 |a Engineering. 
650 7 |a Engineering.  |2 fast  |0 (OCoLC)fst00910312 
710 2 |a Rensselaer Polytechnic Institute. 
776 0 8 |i Online version:  |a Rensselaer Polytechnic Institute.  |t Engineering and science series  |w (OCoLC)559264476 
938 |a Kirtas Technologies, Inc.  |b KRTS  |n 701385 
994 |a C0  |b TXA 
949 |a updated  |b h  |c 2021/1/29  |e coplinger  |f 2:01:56 pm 
999 f f |s 2756d1a0-8cb7-3363-b882-601d582bbd58  |i 4389b2af-0840-3d49-a8ff-9b4008161b22  |t 0 
952 f f |p ric  |a Texas A&M University  |b Rellis Campus  |c Joint Library Facility  |d Remote Storage  |t 0  |e T7 .R3  |h Library of Congress classification  |i unmediated -- volume  |k no.4-6,8-11,13-16,18-20  |l 1925-1927  |m A14842279102 
952 f f |p ric  |a Texas A&M University  |b Rellis Campus  |c Joint Library Facility  |d Remote Storage  |t 0  |e T7 .R3  |h Library of Congress classification  |i unmediated -- volume  |k no.35-46  |l 1932-1934  |m A14842279128 
952 f f |p ric  |a Texas A&M University  |b Rellis Campus  |c Joint Library Facility  |d Remote Storage  |t 0  |e T7 .R3  |h Library of Congress classification  |i unmediated -- volume  |k no.21-25,27-34  |l 1928-1931  |m A14842279110 
952 f f |p ric  |a Texas A&M University  |b Rellis Campus  |c Joint Library Facility  |d Remote Storage  |t 0  |e T7 .R3  |h Library of Congress classification  |i unmediated -- volume  |k no.47-57  |l 1934-1944  |m A14842279136 
952 f f |p ric  |a Texas A&M University  |b Rellis Campus  |c Joint Library Facility  |d Remote Storage  |t 0  |e T7 .R3  |h Library of Congress classification  |i unmediated -- volume  |k no.58-67  |l 1949-1955  |m A14842279144 
998 f f |a T7 .R3  |s no.27-67  |t 0  |l Remote Storage